|
|
|
|
| LEADER |
03242nam a22003973i 4500 |
| 001 |
EBC7245643 |
| 003 |
MiAaPQ |
| 005 |
20231204023229.0 |
| 006 |
m o d | |
| 007 |
cr cnu|||||||| |
| 008 |
231204s2018 xx o ||||0 eng d |
| 020 |
|
|
|a 9781351751353
|q (electronic bk.)
|
| 020 |
|
|
|z 9780367587567
|
| 035 |
|
|
|a (MiAaPQ)EBC7245643
|
| 035 |
|
|
|a (Au-PeEL)EBL7245643
|
| 035 |
|
|
|a (OCoLC)1378934734
|
| 040 |
|
|
|a MiAaPQ
|b eng
|e rda
|e pn
|c MiAaPQ
|d MiAaPQ
|
| 100 |
1 |
|
|a Battersby, Jane.
|
| 245 |
1 |
0 |
|a Urban Food Systems Governance and Poverty in African Cities.
|
| 250 |
|
|
|a 1st ed.
|
| 264 |
|
1 |
|a Milton :
|b Taylor & Francis Group,
|c 2018.
|
| 264 |
|
4 |
|c Ã2019.
|
| 300 |
|
|
|a 1 online resource (290 pages)
|
| 336 |
|
|
|a text
|b txt
|2 rdacontent
|
| 337 |
|
|
|a computer
|b c
|2 rdamedia
|
| 338 |
|
|
|a online resource
|b cr
|2 rdacarrier
|
| 490 |
1 |
|
|a Routledge Studies in Food, Society and the Environment Series
|
| 505 |
0 |
|
|a Cover -- Title -- Copyright -- Contents -- List of figures -- List of tables -- List of boxes -- Foreword -- List of contributors -- Preface -- Acknowledgements -- Introduction -- Part I Urbanisation, poverty, food and measurement -- 1 African urbanisation and poverty -- 2 Rural bias and urban food security -- 3 Linking urban food security, urban food systems, poverty, and urbanisation -- 4 Understanding and addressing poverty, labour force, and urbanisation data gaps in sub-Saharan Africa -- Part II Urban food governance and planning -- 5 Historical urban food governance in Africa: the case of Kenya, c. 1900 to 1950 -- 6 Current urban food governance and planning in Africa -- 7 Contributing yet excluded?: informal food retail in African cities -- 8 Planning and governance of food systems in Kisumu City -- 9 Planning and governance of food systems in Kitwe, Zambia: a case study of food retail space -- 10 Governance of food systems in Epworth, Zimbabwe -- 11 Urban food production in Harare, Zimbabwe -- Part III Understanding the urban food systems -- 12 Food value chains in Kisumu, Kitwe, and Epworth: environmental and social hotspots -- 13 The characteristics of the urban food system in Kisumu, Kenya -- 14 The characteristics of the urban food system in Kitwe, Zambia: a focus on the retail sector -- 15 The characteristics of the urban food system in Epworth, Zimbabwe -- Part IV The state of urban food poverty and its connections to the food system -- 16 Food poverty in Kisumu, Kenya -- 17 Food poverty in Kitwe, Zambia -- 18 Food poverty in Epworth, Zimbabwe -- Index.
|
| 588 |
|
|
|a Description based on publisher supplied metadata and other sources.
|
| 590 |
|
|
|a Electronic reproduction. Ann Arbor, Michigan : ProQuest Ebook Central, 2023. Available via World Wide Web. Access may be limited to ProQuest Ebook Central affiliated libraries.
|
| 655 |
|
4 |
|a Electronic books.
|
| 700 |
1 |
|
|a Watson, Vanessa.
|
| 776 |
0 |
8 |
|i Print version:
|a Battersby, Jane
|t Urban Food Systems Governance and Poverty in African Cities
|d Milton : Taylor & Francis Group,c2018
|z 9780367587567
|
| 797 |
2 |
|
|a ProQuest (Firm)
|
| 830 |
|
0 |
|a Routledge Studies in Food, Society and the Environment Series
|
| 856 |
4 |
0 |
|u https://ebookcentral.proquest.com/lib/matrademy/detail.action?docID=7245643
|z Click to View
|